| 000 | 00831nam a22002177a 4500 | ||
|---|---|---|---|
| 005 | 20251230154626.0 | ||
| 008 | 250527b |||||||| |||| 00| 0 eng d | ||
| 037 | _cTB | ||
| 040 |
_aCRL _cCRL |
||
| 041 |
_2Pun _aPun |
||
| 084 |
_aQ8441wJ95 153R4 _qCRL |
||
| 100 |
_aਰਕਬਾ, ਜੱਗਾ ਸਿੰਘ _9860450 |
||
| 245 | _aਗੁਰੂ ਹਰਗੋਬਿੰਦ ਪਾਤਸ਼ਾਹ ਜੀ | ||
| 260 |
_aਚੰਡੀਗਢ, ਭਾਰਤ: _bਉਨਿਸਟਰ, _c2024. |
||
| 300 | _a423 ਪ. | ||
| 365 |
_b500.00 _cINR |
||
| 650 |
_aਧਰਮ _9860451 |
||
| 650 |
_aਸਿੱਖ ਧਰਮ _9860452 |
||
| 942 |
_2CC _cTB _hQ8441wJ95 153R4 _n0 |
||
| 999 |
_c1431090 _d1431090 |
||